000 00532nam a2200121Ia 4500
008 220620s9999||||xx |||||||||||||| ||und||
100 _aRoseberry, Helen
245 0 _aRemembrance, Reunion and Revival
546 _aEnglish[eng]
650 _aSocial Science||Sociology
856 _uhttps://library.oapen.org/bitstream/20.500.12657/47647/1/external_content.pdf||https://library.oapen.org/bitstream/20.500.12657/47647/1/external_content.pdf||https://library.oapen.org/bitstream/20.500.12657/47647/1/external_content.pdf
942 _cEB
999 _c34121
_d34121